<?xml version="1.0" encoding="UTF-8"?><?xml-stylesheet type="text/xsl" href="static/style.xsl"?><OAI-PMH xmlns="http://www.openarchives.org/OAI/2.0/" xmlns:xsi="http://www.w3.org/2001/XMLSchema-instance" xsi:schemaLocation="http://www.openarchives.org/OAI/2.0/ http://www.openarchives.org/OAI/2.0/OAI-PMH.xsd"><responseDate>2026-04-13T05:52:35Z</responseDate><request verb="GetRecord" identifier="oai:www.recercat.cat:2072/419514" metadataPrefix="marc">https://recercat.cat/oai/request</request><GetRecord><record><header><identifier>oai:recercat.cat:2072/419514</identifier><datestamp>2025-04-25T19:58:04Z</datestamp><setSpec>com_2072_98</setSpec><setSpec>col_2072_378196</setSpec></header><metadata><record xmlns="http://www.loc.gov/MARC21/slim" xmlns:dcterms="http://purl.org/dc/terms/" xmlns:xsi="http://www.w3.org/2001/XMLSchema-instance" xmlns:doc="http://www.lyncode.com/xoai" xsi:schemaLocation="http://www.loc.gov/MARC21/slim http://www.loc.gov/standards/marcxml/schema/MARC21slim.xsd">
   <leader>00925njm 22002777a 4500</leader>
   <datafield ind2=" " ind1=" " tag="042">
      <subfield code="a">dc</subfield>
   </datafield>
   <datafield ind2=" " ind1=" " tag="720">
      <subfield code="a">Mora Rodríguez, Mayte</subfield>
      <subfield code="e">author</subfield>
   </datafield>
   <datafield ind2=" " ind1=" " tag="720">
      <subfield code="a">Universitat Autònoma de Barcelona. Escola Tècnica Superior d'Enginyeria</subfield>
      <subfield code="e">author</subfield>
   </datafield>
   <datafield ind2=" " ind1=" " tag="720">
      <subfield code="a">Universitat Autònoma de Barcelona. Escola d'Enginyeria</subfield>
      <subfield code="e">author</subfield>
   </datafield>
   <datafield ind2=" " ind1=" " tag="260">
      <subfield code="c">2007</subfield>
   </datafield>
   <datafield ind2=" " ind1=" " tag="520">
      <subfield code="a">El projecte desenvolupat té com a objectiu la millora en la gestió de la conﬁguració de les màquines de rajos X de l'empresa Varpe. La principal funció d'aquestes màquines és la inspecció d'envasos de productes alimentaris, amb l'objectiu de detectar anomalies produïdes durant l'envasat. En l'actualitat la resolució d'incidències d'aquestes màquines requereix el desplaçament físic d'operaris a les localitzacions on estan situades les màquines. El projecte proporciona una nova forma de treball a partir de l'ús de bases de dades distribuïdes en les màquines de rajos X i que són gestionades per un servidor central. Entre d'altres, la principal avantatge d'aquesta gestió és que la reconﬁguració i resolució d'indecències es pot realitzar fàcilment a través d'una aplicació web.</subfield>
   </datafield>
   <datafield ind2=" " ind1=" " tag="520">
      <subfield code="a">El projecto desarrollado tiene como objetivo una mejora en la gestión de la conﬁguración de la máquinas de rayos X de la empresa Varpe. La principal función de estas máquinas és la inspección de los envases de productos alimentarios, con el objetivo de detectar anomalías producidas durante el envasado. En la actualidad la resolución de incidencias de estas máquinas requiere el desplazamiento físico de los operarios a las localizaciones donde estan situadas las máquinas. El projecto proporciona una nueva manera de trabajar a partir del uso de las bases de datos distribuidos en las máquinas de rayos X y que son gestionadas por un servidor central. Entre otras, la principal ventaja de esta gestión es que la reconﬁguración y resolución de incidencias se puede realizar fácilmente a través de una apliación web.</subfield>
   </datafield>
   <datafield ind2=" " ind1=" " tag="520">
      <subfield code="a">The main purpose of this work is to improve the conﬁguration management of the X ray machines installed by the company Varpe. The main function of these machines is to examine food containers looking for unusual objects. Currently,the conﬁguration of such machines is carried out sending a specialized worker at the place where the device is located. The application developed in this work provides a new mechanism through the use of database distributed in the X ray machines and managed by a central server. Among others, the main advantage of this application is that the device reconﬁguration and dealing with incidences can be easily carried out using a web application.</subfield>
   </datafield>
   <datafield tag="653" ind2=" " ind1=" ">
      <subfield code="a">Bases de dades distribuïdes</subfield>
   </datafield>
   <datafield tag="653" ind2=" " ind1=" ">
      <subfield code="a">Sistemes usuari/màquina -- Processament de dades</subfield>
   </datafield>
   <datafield tag="653" ind2=" " ind1=" ">
      <subfield code="a">Pàgines web -- Desenvolupament</subfield>
   </datafield>
   <datafield ind2="0" ind1="0" tag="245">
      <subfield code="a">Sistema de control remot d'una màquina de rajos X via web</subfield>
   </datafield>
</record></metadata></record></GetRecord></OAI-PMH>